Fiscal discripline in monetary unions
Αποθηκεύτηκε σε:
| Κύριος συγγραφέας: | |
|---|---|
| Μορφή: | Βιβλίο |
| Γλώσσα: | English |
| Δημοσίευση: |
Bruxelles :
CEPS,
1990
|
| Σειρά: | CEPS working documents ;
; 50 |
| Θέματα: | |
| Ετικέτες: |
Προσθήκη ετικέτας
Δεν υπάρχουν, Καταχωρήστε ετικέτα πρώτοι!
|
MARC
| LEADER | 00000nam a2200000 i 4500 | ||
|---|---|---|---|
| 001 | 1/20732 | ||
| 008 | 960705s1990 eng d | ||
| 020 | |a 92-9079-116-2 | ||
| 035 | |l 10021599 | ||
| 040 | |a GR-MY-UA |b gre |e aacr | ||
| 041 | 0 | |a eng | |
| 082 | 0 | |a 332.4566094 | |
| 100 | 1 | |a Grauwe, Paul de. | |
| 245 | 1 | 0 | |a Fiscal discripline in monetary unions / |c Paul De Grauwe |
| 260 | |a Bruxelles : |b CEPS, |c 1990 | ||
| 300 | |a 26 p.; |c 30 cm. | ||
| 490 | 1 | |a CEPS working documents |v ; 50 | |
| 500 | |a Includes bibliography | ||
| 650 | 0 | 0 | |a Monetary policy |z European Union countries. |
| 650 | 0 | 0 | |a Monetary unions |z European Union countries. |
| 830 | 0 | |a CEPS working documents ; |v ; 50 | |
| 852 | |a INST |b CHIOS |e 19960705 |h 332.4566094 GRA |p 005200001431 |q 005200001431 |t BK |y 0 | ||
| 901 | |a BIBL2-2000-2 | ||
| 909 | |a Χ |b 039943 | ||
| 922 | |a 2ΕΛΗ |b 199506 |c ΑΛΕΞΑΚΗΣ | ||
| 970 | |z 2000/07/ELIDOC | ||